|
|
|
|
| LEADER |
01230nam a2200289 a 4500 |
| 001 |
4260003 |
| 008 |
100425s1985 njua b 001 0 eng d |
| 010 |
|
|
|a 84018153
|
| 020 |
|
|
|a 0847673553 :
|c $35.00
|
| 040 |
|
|
|a DNLM/DLC
|c DLC
|d DLC
|d DB-DhAAL
|
| 082 |
0 |
0 |
|a 362.1/09172/4
|2 19
|
| 245 |
0 |
4 |
|a The Demand for primary health services in the Third World /
|c John S. Akin ... [et al.].
|
| 260 |
|
|
|a Totowa, N.J. :
|b Rowman & Allanheld,
|c 1985.
|
| 300 |
|
|
|a xiv, 252 p. :
|b ill. ;
|c 25 cm.
|
| 504 |
|
|
|a Includes bibliography: (p. [233]-243) and index.
|
| 541 |
1 |
|
|e 00004225
|
| 650 |
|
0 |
|a Community health services
|z Developing countries.
|
| 650 |
|
0 |
|a Community health services
|x Economic aspects
|z Developing countries.
|
| 650 |
|
0 |
|a Community health services
|x Utilization
|z Developing countries.
|
| 650 |
|
2 |
|a Health Services Research.
|
| 650 |
|
2 |
|a Primary Health Care
|x economics.
|
| 650 |
|
2 |
|a Primary Health Care
|x utilization.
|
| 651 |
|
2 |
|a Developing Countries.
|
| 700 |
1 |
|
|a Akin, John S.
|
| 852 |
4 |
|
|a Ayesha Abed Library
|j General Shelf.
|
| 999 |
|
|
|c 8242
|d 8242
|
| 952 |
|
|
|0 0
|1 0
|2 ddc
|4 0
|6 362_109172400000000_DEM_1985
|7 0
|9 9445
|a BRACUL
|b BRACUL
|c GEN
|d 2010-04-26
|g 5390.00
|l 0
|o 362.1091724 DEM
|p 3010004225
|r 2010-04-26
|t 1
|w 2010-04-26
|y BK
|